000 00615nam a2200205Ia 4500
008 260428s9999 xx 000 0 und d
020 _a9789561419766
082 _a361.983 S241ch 2016
100 _aSapelli, Claudio
_932786
245 0 _aChile: ¿Más equitativo?: una mirada a la dinámica social del Chile de ayer, hoy y mañana
250 _a2a. edición
260 _aEdiciones Universidad Católica de Chile
260 _bSantiago, Chile
260 _c2016
300 _a178p.
650 _aChile
_9121
650 _aCondiciones sociales
_9233
650 _aPolítica social
_9766
942 _clibro
999 _c20513
_d20513